Electronic devices and circuits: an introduction / (Record no. 93)
[ view plain ]
| 000 -LEADER | |
|---|---|
| fixed length control field | 00490nam a2200157Ia 4500 |
| 008 - FIXED-LENGTH DATA ELEMENTS--GENERAL INFORMATION | |
| fixed length control field | 190805s9999||||xx |||||||||||||| ||und|| |
| 020 ## - INTERNATIONAL STANDARD BOOK NUMBER | |
| International Standard Book Number | 9788120301245 |
| Terms of availability | Rs. 425.00 |
| 082 04 - DEWEY DECIMAL CLASSIFICATION NUMBER | |
| Classification number | 621.3815 |
| Item number | M8589 |
| 100 1# - MAIN ENTRY--PERSONAL NAME | |
| Personal name | Mottershead, A. |
| 245 10 - TITLE STATEMENT | |
| Title | Electronic devices and circuits: an introduction / |
| 260 ## - PUBLICATION, DISTRIBUTION, ETC. (IMPRINT) | |
| Place of publication, distribution, etc | Delhi : |
| Name of publisher, distributor, etc | PHI Learning, |
| Date of publication, distribution, etc | 2017 |
| 300 ## - PHYSICAL DESCRIPTION | |
| Extent | xiv, 641 p. |
| Other physical details | : ill. |
| Dimensions | ; 24 cm. |
| 650 #0 - SUBJECT ADDED ENTRY--TOPICAL TERM | |
| Topical term or geographic name as entry element | Electronic apparatus and appliances |
| 852 ## - LOCATION/CALL NUMBER | |
| Location | |
| 942 ## - ADDED ENTRY ELEMENTS (KOHA) | |
| Item type | Books |
| Withdrawn status | Lost status | Damaged status | Not for loan | Collection code | Permanent location | Current location | Shelving location | Date acquired | Source of acquisition | Cost, normal purchase price | Full call number | Barcode | Date last seen | Koha item type | Public note | Source of classification or shelving scheme |
|---|---|---|---|---|---|---|---|---|---|---|---|---|---|---|---|---|
| Physics | IMU Kochi Library | IMU Kochi Library | General Stacks | 2017-05-18 | Sterling Book House | 425.00 | 621.3815 M8589 | BK002955 | 2019-08-05 | Books | Gen. Shelf-12, Row-4 | |||||
| Physics | IMU Kochi Library | IMU Kochi Library | General Stacks | 2017-05-18 | Sterling Book House | 425.00 | 621.3815 M8589 | BK002954 | 2019-08-05 | Books | Gen. Shelf-12, Row-4 | |||||
| Physics | IMU Kochi Library | IMU Kochi Library | General Stacks | 2012-06-29 | M/S Ross Marketing and Consultants (Inv. No. 023/12-13 Dt 2012-07-12) | 350.00 | 621.3815 M8589 | BK000379 | 2019-11-26 | Books | Gen. Shelf-12, Row-4 | |||||
| Physics | IMU Kochi Library | IMU Kochi Library | General Stacks | 2012-06-29 | M/S Ross Marketing and Consultants (Inv. No. 023/12-13 Dt 2012-07-12) | 350.00 | 621.3815 M8589 | BK000380 | 2019-11-26 | Books | Gen. Shelf-12, Row-4 |